000 nam a22 a 4500
999 _c4322
_d4322
003 AKMAL
005 20170529084332.0
008 170529s1995 my l 00 eng d
020 _a9678906910 (pbk.):
_cRM 29.50
040 _cAKMAL
082 0 4 _a343.595096 OFF
090 _a343.595096
_bOFF
110 1 _aMalaysia
_9400
240 1 0 _aAkta Syarikat Luar Pesisir 1990.
_lEnglish
245 0 0 _aOffshore Legislation of Malaysia :
_bas at 10th April 1995 /
_ccompiled Legal Research Board
260 _aKuala Lumpur :
_bInternational Law Book Services,
_c1995
300 _a282p. ;
_c24cm
440 _aLaws of Malaysia
_91830
505 0 _aOffshore Companies Act 1990 -- Labuan Trust Companies Act 1990 -- Offshore Banking Act 1990 -- Offshore Insurance Act 1990 -- Labuan Offshore Business Activity Act Tax Act 1990 -- Offshore Banking (Annual Licence Fees) Regualtions 1990 -- Offshore Companies Regulations 1990 -- Labuan Trust Companies Regulations 1990 -- Labuan Ofshore Business Activity Tax (Forms) Regulations 1991
650 _aCorporations, Foreign
_xLaw and legislation
_zMalaysia
_98415
650 _aBanks and banking, Foreign
_xLaw and legislation
_zMalaysia
_98416
650 _aForeign trusts
_zMalaysia
_98417
942 _2ddc
_cBOOK